00856 2200301 4500001002100000005001500021035002000036007000300056008004100059020002200100040002200122082001700144084001900161090002300180090002100203100002300224245007200247250003800319300002800357650002000385850001200405041000800417264003400425336002100459337003000480338002300510990002100533INLIS00000000084558320190408031924 a0010-0419000442ta190408s2019 yoi d f ind d a978-623-7107-08-8 aYOPDYOGbinderda04223a899.2213 a899.2213 NAN l aDEP 899.2213 NAN l aCB-D.11 2019-1070 aNana Rinaepenulis00aLintang :bperjalanan getir seorang perempuan /cpenulis, Nana Rina aEdsi kedua; cetakan pertama- 2019 av, 273 halaman ;c21 cm 4aFiksi Indonesia aYOPDYOG0 aind31aYogyakarta :bSpektrum,c2019 2rdacontentateks 2rdamediaatanpa perantara 2rdacarrieravolume aCB-D.11/2019-107